000 00420nam a2200157 4500
001 120933
003 ES-MaACL
005 20230906191643.0
007 t|
008 070214s1967 sp r ||||1| spa d
100 1 _aPompeia, Nuria.
_992934
245 1 0 _aMaternasis /
_cNuria Pompeia.
260 _aBarcelona :
_bKairós,
_c1967.
300 _a1 h., 42 lám. :
_bil. ;
_c20 cm.
852 _aES-MaACL
_jC-32470
_bR.62857
999 _c120933
_d120933